[Event "Rapide Nancy 2018"]
[Site "Nancy"]
[Date "2018.03.04"]
[Round "3.1"]
[White "BULMAGA, Irina"]
[Black "FEDORCHUK, Sergey"]
[Result "0-1"]
[BlackElo "2681"]
[WhiteElo "2368"]
[LiveChessVersion "1.4.8"]

1. e4 {[%clk 0:15:02]} c5 {[%clk 0:14:31]} 2. Nf3 {[%clk 0:15:02]} e6
{[%clk 0:14:33]} 3. d4 {[%clk 0:15:03]} cxd4 {[%clk 0:14:33]} 4. Nxd4
{[%clk 0:15:04]} a6 {[%clk 0:14:35]} 5. c4 {[%clk 0:15:05]} b6 {[%clk 0:14:20]}
6. Nc3 {[%clk 0:15:05]} Bb7 {[%clk 0:14:20]} 7. a3 {[%clk 0:15:03]} Nf6
{[%clk 0:14:13]} 8. f3 {[%clk 0:14:32]} Qc7 {[%clk 0:12:50]} 9. Be3
{[%clk 0:14:27]} Nc6 {[%clk 0:12:26]} 10. b4 {[%clk 0:13:59]} Ne5
{[%clk 0:10:06]} 11. Rc1 {[%clk 0:13:34]} Ng6 {[%clk 0:09:30]} 12. Qd2
{[%clk 0:12:53]} Be7 {[%clk 0:08:54]} 13. Be2 {[%clk 0:12:44]} O-O
{[%clk 0:08:54]} 14. O-O {[%clk 0:12:18]} Bd6 {[%clk 0:08:34]} 15. f4
{[%clk 0:09:09]} Nxe4 {[%clk 0:08:16]} 16. Nxe4 {[%clk 0:09:06]} Bxe4
{[%clk 0:08:16]} 17. c5 {[%clk 0:08:57]} bxc5 {[%clk 0:08:05]} 18. bxc5
{[%clk 0:08:55]} Be7 {[%clk 0:07:15]} 19. f5 {[%clk 0:06:48]} Nh4
{[%clk 0:07:02]} 20. f6 {[%clk 0:02:46]} Bxf6 {[%clk 0:06:58]} 21. Rxf6
{[%clk 0:01:41]} gxf6 {[%clk 0:06:58]} 22. g3 {[%clk 0:00:49]} Nf5
{[%clk 0:06:36]} 23. Nxf5 {[%clk 0:00:50]} Bxf5 {[%clk 0:06:37]} 24. Bf3
{[%clk 0:00:48]} Rab8 {[%clk 0:06:26]} 25. g4 {[%clk 0:00:24]} Bg6
{[%clk 0:06:23]} 26. Rd1 {[%clk 0:00:26]} Rb3 {[%clk 0:06:17]} 27. Bg2
{[%clk 0:00:06]} Rd3 {[%clk 0:06:12]} 28. Qe2 {[%clk 0:00:08]} Rxd1+
{[%clk 0:06:11]} 29. Qxd1 {[%clk 0:00:11]} Rb8 {[%clk 0:06:11]} 30. Qd2
{[%clk 0:00:04]} Rb1+ {[%clk 0:06:06]} 31. Kf2 {[%clk 0:00:04]} Qxh2
{[%clk 0:05:56]} 32. c6 {[%clk 0:00:05]} Qh4+ {[%clk 0:05:02]} 33. Kf3
{[%clk 0:00:04]} h5 {[%clk 0:04:58]} 34. cxd7 {[%clk 0:00:04]} hxg4+
{[%clk 0:04:58]} 35. Ke2 {[%clk 0:00:05]} Rb8 {[%clk 0:04:50]} 36. d8=Q+
{[%clk 0:00:06]} Rxd8 {[%clk 0:04:52]} 37. Qxd8+ {[%clk 0:00:08]} Kg7
{[%clk 0:04:53]} 38. Qd4 {[%clk 0:00:07]} e5 {[%clk 0:04:48]} 39. Qc4
{[%clk 0:00:08]} Qg3 {[%clk 0:04:41]} 40. Qd5 {[%clk 0:00:10]} Bf5
{[%clk 0:04:16]} 41. a4 {[%clk 0:00:12]} Be6 {[%clk 0:04:17]} 42. Qc6
{[%clk 0:00:13]} f5 {[%clk 0:04:11]} 43. Bf2 {[%clk 0:00:05]} Qb3
{[%clk 0:04:06]} 44. Qc5 {[%clk 0:00:06]} Bc4+ {[%clk 0:04:01]} 45. Kd2
{[%clk 0:00:05]} Qb2+ {[%clk 0:03:50]} 46. Kd1 {[%clk 0:00:07]} Qe2+
{[%clk 0:03:45]} 47. Kc1 {[%clk 0:00:09]} f4 {[%clk 0:03:45]} 48. Qb6
{[%clk 0:00:04]} f3 {[%clk 0:03:37]} 49. Bh4 {[%clk 0:00:06]} Be6
{[%clk 0:03:06]} 50. Bh1 {[%clk 0:00:05]} Qf1+ {[%clk 0:03:05]} 51. Kb2
{[%clk 0:00:07]} Qxh1 {[%clk 0:03:05]} 52. Qf2 {[%clk 0:00:06]} Qg2
{[%clk 0:03:03]} 53. Kc3 {[%clk 0:00:06]} Qxf2 {[%clk 0:03:02]} 54. Bxf2
{[%clk 0:00:09]} f5 {[%clk 0:03:02]} 55. Kd2 {[%clk 0:00:08]} f4 {[%clk 0:03:02]}
56. Bc5 {[%clk 0:00:07]} Kf6 {[%clk 0:03:01]} 57. Ke1 {[%clk 0:00:08]} g3
{[%clk 0:03:01]} 58. a5 {[%clk 0:00:08]} Kf5 {[%clk 0:03:02]} 0-1

[Event "Rapide Nancy 2018"]
[Site "Nancy"]
[Date "2018.03.04"]
[Round "3.2"]
[White "VAN FOREEST, Lucas"]
[Black "CORNETTE, Matthieu"]
[Result "0-1"]
[BlackElo "2621"]
[WhiteElo "2349"]
[LiveChessVersion "1.4.8"]

1. e4 {[%clk 0:15:04]} c5 {[%clk 0:15:04]} 2. Nf3 {[%clk 0:15:05]} Nc6
{[%clk 0:15:06]} 3. Bb5 {[%clk 0:15:06]} g6 {[%clk 0:15:07]} 4. Bxc6
{[%clk 0:15:07]} dxc6 {[%clk 0:15:09]} 5. d3 {[%clk 0:15:09]} Bg7
{[%clk 0:15:10]} 6. h3 {[%clk 0:15:09]} Nf6 {[%clk 0:15:12]} 7. Nc3
{[%clk 0:15:11]} b6 {[%clk 0:15:14]} 8. a4 {[%clk 0:15:09]} a5 {[%clk 0:14:31]}
9. O-O {[%clk 0:15:08]} O-O {[%clk 0:14:31]} 10. Bf4 {[%clk 0:15:00]} Nh5
{[%clk 0:14:16]} 11. Bh2 {[%clk 0:14:54]} Bh6 {[%clk 0:14:01]} 12. Ne2
{[%clk 0:14:31]} f6 {[%clk 0:13:51]} 13. e5 {[%clk 0:14:09]} f5 {[%clk 0:13:30]}
14. h4 {[%clk 0:13:24]} f4 {[%clk 0:12:17]} 15. d4 {[%clk 0:12:49]} Bg4
{[%clk 0:10:44]} 16. Ra3 {[%clk 0:12:02]} cxd4 {[%clk 0:08:42]} 17. Nexd4
{[%clk 0:11:59]} c5 {[%clk 0:08:37]} 18. Nb5 {[%clk 0:11:50]} Qxd1
{[%clk 0:06:38]} 19. Rxd1 {[%clk 0:11:52]} Bg7 {[%clk 0:06:37]} 20. Re1
{[%clk 0:10:29]} Rad8 {[%clk 0:06:19]} 21. Rb3 {[%clk 0:10:31]} Bxf3
{[%clk 0:06:08]} 22. Rxf3 {[%clk 0:10:32]} Bxe5 {[%clk 0:05:58]} 23. c3
{[%clk 0:10:16]} Bb8 {[%clk 0:05:32]} 24. Na3 {[%clk 0:09:56]} e5
{[%clk 0:05:31]} 25. g4 {[%clk 0:09:54]} Nf6 {[%clk 0:04:52]} 26. g5
{[%clk 0:09:56]} e4 {[%clk 0:04:41]} 27. Rxf4 {[%clk 0:09:13]} Bxf4
{[%clk 0:04:35]} 28. Bxf4 {[%clk 0:09:14]} Nh5 {[%clk 0:02:18]} 29. Be3
{[%clk 0:09:10]} Nf4 {[%clk 0:02:12]} 30. Nc4 {[%clk 0:09:11]} Nd5
{[%clk 0:01:52]} 31. Bc1 {[%clk 0:09:01]} Rfe8 {[%clk 0:01:49]} 32. Kg2
{[%clk 0:09:03]} Re6 {[%clk 0:01:49]} 33. Kg3 {[%clk 0:09:03]} Rf8
{[%clk 0:01:40]} 34. Kg2 {[%clk 0:08:39]} Rf3 {[%clk 0:01:02]} 35. Be3
{[%clk 0:08:36]} Nxe3+ {[%clk 0:00:56]} 36. Nxe3 {[%clk 0:08:38]} Kg7
{[%clk 0:00:37]} 37. Rd1 {[%clk 0:08:36]} Rf4 {[%clk 0:00:32]} 38. Rd7+
{[%clk 0:08:34]} Rf7 {[%clk 0:00:34]} 39. Rd8 {[%clk 0:08:27]} h6
{[%clk 0:00:35]} 40. Ng4 {[%clk 0:08:24]} hxg5 {[%clk 0:00:34]} 41. hxg5
{[%clk 0:08:26]} Rf5 {[%clk 0:00:34]} 42. Rd7+ {[%clk 0:08:28]} Kf8
{[%clk 0:00:35]} 43. Ne3 {[%clk 0:08:30]} Rxg5+ {[%clk 0:00:36]} 44. Kf1
{[%clk 0:08:32]} Rh5 {[%clk 0:00:33]} 45. Nd5 {[%clk 0:08:34]} Rh1+
{[%clk 0:00:34]} 46. Kg2 {[%clk 0:08:35]} Rb1 {[%clk 0:00:35]} 47. Nc7
{[%clk 0:08:04]} Re7 {[%clk 0:00:37]} 48. Rd8+ {[%clk 0:07:56]} Kg7
{[%clk 0:00:37]} 49. Rd2 {[%clk 0:07:39]} Rxc7 {[%clk 0:00:38]} 0-1

[Event "Rapide Nancy 2018"]
[Site "Nancy"]
[Date "2018.03.04"]
[Round "3.3"]
[White "BOK, Benjamin"]
[Black "CORNETTE, Deimante"]
[Result "1-0"]
[BlackElo "2350"]
[WhiteElo "2619"]
[LiveChessVersion "1.4.8"]

1. Nf3 {[%clk 0:15:03]} Nf6 {[%clk 0:15:01]} 2. g3 {[%clk 0:15:03]} g6
{[%clk 0:14:57]} 3. Bg2 {[%clk 0:15:03]} Bg7 {[%clk 0:14:58]} 4. c4
{[%clk 0:14:45]} O-O {[%clk 0:14:50]} 5. O-O {[%clk 0:14:16]} d6 {[%clk 0:14:35]}
6. d4 {[%clk 0:14:17]} Nc6 {[%clk 0:14:29]} 7. Nc3 {[%clk 0:14:17]} e5
{[%clk 0:14:25]} 8. dxe5 {[%clk 0:14:18]} dxe5 {[%clk 0:14:20]} 9. Bg5
{[%clk 0:14:16]} Be6 {[%clk 0:14:12]} 10. Qc1 {[%clk 0:14:16]} Qc8
{[%clk 0:11:18]} 11. Rd1 {[%clk 0:14:15]} Nd7 {[%clk 0:09:47]} 12. b3
{[%clk 0:10:05]} Nd4 {[%clk 0:07:03]} 13. Nxd4 {[%clk 0:07:06]} exd4
{[%clk 0:07:04]} 14. Nb5 {[%clk 0:07:00]} c5 {[%clk 0:06:52]} 15. Be7
{[%clk 0:05:59]} a6 {[%clk 0:05:50]} 16. Nd6 {[%clk 0:05:53]} Qc7
{[%clk 0:05:44]} 17. Bxf8 {[%clk 0:04:13]} Rxf8 {[%clk 0:05:20]} 18. Ne4
{[%clk 0:04:14]} b5 {[%clk 0:04:15]} 19. Ng5 {[%clk 0:03:50]} Bf5
{[%clk 0:03:38]} 20. Bh3 {[%clk 0:03:41]} Bxh3 {[%clk 0:03:14]} 21. Nxh3
{[%clk 0:03:42]} Re8 {[%clk 0:02:01]} 22. Nf4 {[%clk 0:03:13]} Qe5
{[%clk 0:01:25]} 23. Re1 {[%clk 0:02:58]} Qf5 {[%clk 0:01:03]} 24. Qb1
{[%clk 0:01:04]} Qf6 {[%clk 0:00:30]} 25. Qd3 {[%clk 0:00:29]} Ne5
{[%clk 0:00:19]} 26. Qe4 {[%clk 0:00:29]} Qd8 {[%clk 0:00:15]} 27. Qd5
{[%clk 0:00:19]} Qc7 {[%clk 0:00:09]} 28. Nd3 {[%clk 0:00:18]} Rc8
{[%clk 0:00:07]} 29. Nxe5 {[%clk 0:00:15]} Bxe5 {[%clk 0:00:07]} 30. Rac1
{[%clk 0:00:15]} b4 {[%clk 0:00:07]} 31. Rcd1 {[%clk 0:00:12]} Rd8
{[%clk 0:00:09]} 32. Qe4 {[%clk 0:00:13]} Bg7 {[%clk 0:00:09]} 33. e3
{[%clk 0:00:12]} h5 {[%clk 0:00:06]} 34. Kg2 {[%clk 0:00:13]} a5 {[%clk 0:00:06]}
35. Rd3 {[%clk 0:00:12]} Qb6 {[%clk 0:00:06]} 36. exd4 {[%clk 0:00:12]} Bxd4
{[%clk 0:00:07]} 37. Qf3 {[%clk 0:00:09]} Qd6 {[%clk 0:00:07]} 38. Rd2
{[%clk 0:00:09]} Qd7 {[%clk 0:00:05]} 39. Rde2 {[%clk 0:00:10]} Rf8
{[%clk 0:00:06]} 40. Re7 {[%clk 0:00:12]} Qd6 {[%clk 0:00:08]} 41. Re8
{[%clk 0:00:13]} Rxe8 {[%clk 0:00:09]} 42. Rxe8+ {[%clk 0:00:15]} Kg7
{[%clk 0:00:11]} 43. Qa8 {[%clk 0:00:14]} Qf6 {[%clk 0:00:11]} 44. Re2
{[%clk 0:00:15]} Qb6 {[%clk 0:00:11]} 45. Qd5 {[%clk 0:00:16]} Qf6
{[%clk 0:00:12]} 46. Qf3 {[%clk 0:00:17]} Qd6 {[%clk 0:00:13]} 47. Qe4
{[%clk 0:00:18]} Qf6 {[%clk 0:00:14]} 48. Rd2 {[%clk 0:00:18]} Qd6
{[%clk 0:00:15]} 49. Rd3 {[%clk 0:00:19]} Qf6 {[%clk 0:00:15]} 50. Rf3
{[%clk 0:00:21]} Qg5 {[%clk 0:00:15]} 51. Qb7 {[%clk 0:00:19]} Bf6
{[%clk 0:00:13]} 52. Qc6 {[%clk 0:00:18]} Bd4 {[%clk 0:00:12]} 53. Qd7
{[%clk 0:00:18]} Bf6 {[%clk 0:00:12]} 54. Qc7 {[%clk 0:00:15]} a4
{[%clk 0:00:07]} 55. bxa4 {[%clk 0:00:15]} Qd2 {[%clk 0:00:08]} 56. Qf4
{[%clk 0:00:14]} Qb2 {[%clk 0:00:04]} 57. a5 {[%clk 0:00:15]} g5 {[%clk 0:00:05]}
58. Qxf6+ {[%clk 0:00:15]} 1-0

[Event "Rapide Nancy 2018"]
[Site "Nancy"]
[Date "2018.03.04"]
[Round "3.4"]
[White "LAURENT, Julien"]
[Black "GUREVICH, Mikhail"]
[Result "0-1"]
[BlackElo "2594"]
[WhiteElo "2330"]
[LiveChessVersion "1.4.8"]

1. d4 {[%clk 0:15:04]} d6 {[%clk 0:15:05]} 2. e4 {[%clk 0:15:02]} Nf6
{[%clk 0:15:05]} 3. Nc3 {[%clk 0:15:02]} g6 {[%clk 0:15:07]} 4. h3
{[%clk 0:14:57]} a6 {[%clk 0:15:08]} 5. a4 {[%clk 0:14:55]} Bg7 {[%clk 0:15:08]}
6. Nf3 {[%clk 0:14:54]} O-O {[%clk 0:14:58]} 7. Be3 {[%clk 0:14:55]} b6
{[%clk 0:15:00]} 8. Bc4 {[%clk 0:13:29]} e6 {[%clk 0:15:01]} 9. O-O
{[%clk 0:12:53]} Bb7 {[%clk 0:15:02]} 10. e5 {[%clk 0:11:36]} dxe5
{[%clk 0:15:02]} 11. Nxe5 {[%clk 0:11:26]} Nc6 {[%clk 0:15:04]} 12. Nxc6
{[%clk 0:11:09]} Bxc6 {[%clk 0:15:05]} 13. Qe2 {[%clk 0:11:07]} Qc8
{[%clk 0:15:07]} 14. Bf4 {[%clk 0:10:08]} Qb7 {[%clk 0:14:40]} 15. f3
{[%clk 0:10:00]} Nd5 {[%clk 0:09:07]} 16. Be5 {[%clk 0:10:02]} Nxc3
{[%clk 0:08:50]} 17. bxc3 {[%clk 0:10:03]} Bd5 {[%clk 0:08:26]} 18. Bxg7
{[%clk 0:09:51]} Kxg7 {[%clk 0:08:28]} 19. Bd3 {[%clk 0:09:25]} a5
{[%clk 0:08:22]} 20. c4 {[%clk 0:08:46]} Bc6 {[%clk 0:08:24]} 21. c3
{[%clk 0:08:47]} Kg8 {[%clk 0:08:19]} 22. Qe5 {[%clk 0:08:40]} Qc8
{[%clk 0:08:09]} 23. h4 {[%clk 0:08:14]} Qd7 {[%clk 0:08:10]} 24. Qf6
{[%clk 0:07:52]} Qd8 {[%clk 0:08:05]} 25. Qf4 {[%clk 0:07:51]} h5
{[%clk 0:07:57]} 26. Rfe1 {[%clk 0:07:39]} Rc8 {[%clk 0:07:23]} 27. Re5
{[%clk 0:07:32]} Kg7 {[%clk 0:07:22]} 28. Rg5 {[%clk 0:07:10]} Qf6
{[%clk 0:07:16]} 29. Qe3 {[%clk 0:07:01]} Rcd8 {[%clk 0:07:07]} 30. c5
{[%clk 0:06:22]} Bd5 {[%clk 0:06:42]} 31. cxb6 {[%clk 0:06:10]} cxb6
{[%clk 0:06:44]} 32. Rb1 {[%clk 0:06:05]} Rd6 {[%clk 0:06:45]} 33. Be4
{[%clk 0:05:09]} Rc8 {[%clk 0:06:14]} 34. Bxd5 {[%clk 0:00:53]} exd5
{[%clk 0:06:15]} 35. Rb3 {[%clk 0:00:53]} Re6 {[%clk 0:06:06]} 36. Re5
{[%clk 0:00:54]} Rce8 {[%clk 0:06:07]} 37. Rxe6 {[%clk 0:00:40]} Rxe6
{[%clk 0:06:08]} 38. Qf2 {[%clk 0:00:41]} Qf5 {[%clk 0:05:38]} 39. Rb5
{[%clk 0:00:37]} Qd3 {[%clk 0:05:08]} 40. Rxd5 {[%clk 0:00:39]} Re2 41. Qg3 Qd1+
{[%clk 0:05:05]} 42. Kh2 {[%clk 0:00:41]} Re1 {[%clk 0:05:03]} 43. Qf2
{[%clk 0:00:36]} Re2 {[%clk 0:04:55]} 44. Qg3 {[%clk 0:00:36]} Re1
{[%clk 0:04:34]} 45. Qf2 {[%clk 0:00:38]} Qc1 {[%clk 0:04:35]} 46. f4
{[%clk 0:00:25]} Rh1+ {[%clk 0:04:30]} 47. Kg3 {[%clk 0:00:27]} Qxc3+
{[%clk 0:04:30]} 48. Qf3 {[%clk 0:00:27]} Qe1+ {[%clk 0:04:10]} 49. Qf2
{[%clk 0:00:29]} Qc1 {[%clk 0:04:12]} 50. Re5 {[%clk 0:00:26]} Qd1
{[%clk 0:04:06]} 51. Re2 {[%clk 0:00:26]} Qxa4 {[%clk 0:04:02]} 52. Qe3
{[%clk 0:00:27]} Qc6 {[%clk 0:03:56]} 53. Qe5+ {[%clk 0:00:27]} Kh7
{[%clk 0:03:33]} 54. Qe7 {[%clk 0:00:29]} Kg7 {[%clk 0:02:23]} 55. Qe5+
{[%clk 0:00:31]} Kg8 {[%clk 0:02:07]} 56. Qe8+ {[%clk 0:00:28]} Qxe8
{[%clk 0:02:08]} 57. Rxe8+ {[%clk 0:00:31]} Kg7 {[%clk 0:02:10]} 58. Rb8
{[%clk 0:00:33]} Rb1 59. d5 Kf6 {[%clk 0:02:08]} 60. d6 {[%clk 0:00:38]} Ke6
{[%clk 0:02:09]} 61. Rb7 {[%clk 0:00:35]} a4 {[%clk 0:02:06]} 62. Re7+
{[%clk 0:00:34]} Kxd6 {[%clk 0:02:07]} 63. Rxf7 {[%clk 0:00:37]} a3
{[%clk 0:02:01]} 64. Ra7 {[%clk 0:00:32]} Rb3+ {[%clk 0:02:02]} 0-1

[Event "Rapide Nancy 2018"]
[Site "Nancy"]
[Date "2018.03.04"]
[Round "4.1"]
[White "FEDORCHUK, Sergey"]
[Black "HAUB, Thorsten Michael"]
[Result "1-0"]
[BlackElo "2470"]
[WhiteElo "2681"]
[LiveChessVersion "1.4.8"]

1. e4 {[%clk 0:14:12]} g6 {[%clk 0:15:03]} 2. d4 {[%clk 0:14:13]} Bg7
{[%clk 0:15:03]} 3. Nc3 {[%clk 0:14:14]} d6 {[%clk 0:15:03]} 4. Be3
{[%clk 0:14:13]} c6 {[%clk 0:15:02]} 5. h3 {[%clk 0:13:59]} Nd7 {[%clk 0:14:50]}
6. Nf3 {[%clk 0:13:58]} b5 {[%clk 0:13:27]} 7. Bd3 {[%clk 0:13:48]} Bb7
{[%clk 0:13:11]} 8. Qd2 {[%clk 0:13:33]} a6 {[%clk 0:11:35]} 9. a4
{[%clk 0:13:14]} b4 {[%clk 0:10:59]} 10. Ne2 {[%clk 0:13:14]} a5 {[%clk 0:10:55]}
11. O-O {[%clk 0:13:02]} e5 {[%clk 0:10:18]} 12. Ng3 {[%clk 0:12:39]} Qe7
{[%clk 0:08:11]} 13. Rad1 {[%clk 0:11:49]} Ngf6 {[%clk 0:07:50]} 14. dxe5
{[%clk 0:11:36]} dxe5 {[%clk 0:07:17]} 15. Bc4 {[%clk 0:10:46]} Nc5
{[%clk 0:05:52]} 16. Ng5 {[%clk 0:10:40]} O-O {[%clk 0:04:45]} 17. b3
{[%clk 0:10:41]} Ba6 {[%clk 0:03:57]} 18. Bxa6 {[%clk 0:10:28]} Nxa6
{[%clk 0:03:51]} 19. Qd6 {[%clk 0:10:22]} Qxd6 {[%clk 0:03:15]} 20. Rxd6
{[%clk 0:10:24]} Rfc8 {[%clk 0:02:47]} 21. Rfd1 {[%clk 0:10:19]} h6
{[%clk 0:02:41]} 22. Nf3 {[%clk 0:10:18]} Ne8 {[%clk 0:02:38]} 23. Rd7
{[%clk 0:10:17]} Nac7 {[%clk 0:02:29]} 24. Nd2 {[%clk 0:09:52]} Nf6
{[%clk 0:01:46]} 25. Rd3 {[%clk 0:09:50]} Ne6 {[%clk 0:00:36]} 26. Nc4
{[%clk 0:09:47]} Ra6 {[%clk 0:00:38]} 27. Nxe5 {[%clk 0:09:02]} Nxe4
{[%clk 0:00:26]} 28. Nxg6 {[%clk 0:08:29]} Re8 {[%clk 0:00:27]} 29. Nxe4
{[%clk 0:08:20]} fxg6 {[%clk 0:00:29]} 30. Rd6 {[%clk 0:08:16]} Be5
{[%clk 0:00:24]} 31. Rd7 {[%clk 0:08:03]} g5 {[%clk 0:00:22]} 32. Rb7
{[%clk 0:07:29]} Raa8 {[%clk 0:00:22]} 33. g3 {[%clk 0:07:11]} Rf8
{[%clk 0:00:11]} 34. Re7 {[%clk 0:06:53]} Rae8 {[%clk 0:00:12]} 35. Rdd7
{[%clk 0:06:52]} Ng7 {[%clk 0:00:06]} 36. g4 {[%clk 0:05:13]} Ba1
{[%clk 0:00:06]} 37. Nd6 {[%clk 0:04:54]} Rxe7 {[%clk 0:00:07]} 38. Rxe7
{[%clk 0:04:55]} Bf6 {[%clk 0:00:08]} 39. Ra7 {[%clk 0:04:37]} Rd8
{[%clk 0:00:10]} 40. Ne4 {[%clk 0:04:28]} Rd1+ {[%clk 0:00:10]} 41. Kg2
{[%clk 0:04:30]} Bb2 {[%clk 0:00:12]} 42. Rxa5 {[%clk 0:04:24]} Ne6
{[%clk 0:00:14]} 43. Ra6 {[%clk 0:04:14]} Re1 {[%clk 0:00:14]} 44. Rxc6
{[%clk 0:04:05]} Nf4+ {[%clk 0:00:15]} 45. Bxf4 {[%clk 0:04:05]} Rxe4
{[%clk 0:00:16]} 46. Be3 {[%clk 0:04:05]} h5 {[%clk 0:00:18]} 47. gxh5
{[%clk 0:04:02]} Bd4 {[%clk 0:00:14]} 48. Rc4 {[%clk 0:04:00]} 1-0

[Event "Rapide Nancy 2018"]
[Site "Nancy"]
[Date "2018.03.04"]
[Round "4.2"]
[White "CORNETTE, Matthieu"]
[Black "DONCHENKO, Alexander"]
[Result "1/2-1/2"]
[BlackElo "2443"]
[WhiteElo "2621"]
[LiveChessVersion "1.4.8"]

1. e4 {[%clk 0:15:04]} c6 {[%clk 0:15:05]} 2. d4 {[%clk 0:15:04]} d5
{[%clk 0:15:07]} 3. exd5 {[%clk 0:15:06]} cxd5 {[%clk 0:15:08]} 4. Bd3
{[%clk 0:15:07]} Nc6 {[%clk 0:15:09]} 5. c3 {[%clk 0:15:09]} Nf6 {[%clk 0:15:01]}
6. Bf4 {[%clk 0:15:11]} Bg4 {[%clk 0:14:59]} 7. Qb3 {[%clk 0:15:12]} Qc8
{[%clk 0:15:00]} 8. Nd2 {[%clk 0:15:11]} e6 {[%clk 0:15:00]} 9. Ngf3
{[%clk 0:15:12]} Bh5 {[%clk 0:14:55]} 10. O-O {[%clk 0:15:10]} Bg6
{[%clk 0:14:48]} 11. Bxg6 {[%clk 0:14:23]} hxg6 {[%clk 0:14:49]} 12. Rfe1
{[%clk 0:14:24]} Be7 {[%clk 0:14:44]} 13. a4 {[%clk 0:14:11]} a6 {[%clk 0:14:06]}
14. h4 {[%clk 0:14:01]} Nh5 {[%clk 0:13:27]} 15. Bh2 {[%clk 0:13:44]} Nf6
{[%clk 0:13:23]} 16. Qd1 {[%clk 0:13:23]} Qd8 {[%clk 0:13:12]} 17. Qe2
{[%clk 0:13:01]} Rc8 {[%clk 0:12:03]} 18. Bf4 {[%clk 0:12:05]} Bd6
{[%clk 0:10:36]} 19. Bxd6 {[%clk 0:11:37]} Qxd6 {[%clk 0:10:38]} 20. g3
{[%clk 0:11:34]} Ne7 {[%clk 0:09:45]} 21. Ng5 {[%clk 0:10:27]} Nf5
{[%clk 0:09:17]} 22. Ndf3 {[%clk 0:10:29]} Nd7 {[%clk 0:08:45]} 23. Kg2
{[%clk 0:10:01]} Qe7 {[%clk 0:08:24]} 24. Qd3 {[%clk 0:09:24]} Nd6
{[%clk 0:08:10]} 25. Re2 {[%clk 0:09:08]} Nf6 {[%clk 0:08:02]} 26. Ne5
{[%clk 0:08:22]} O-O {[%clk 0:05:45]} 27. f3 {[%clk 0:07:28]} Nc4
{[%clk 0:05:19]} 28. Nexf7 {[%clk 0:05:36]} Rxf7 {[%clk 0:04:43]} 29. Rxe6
{[%clk 0:05:38]} Qd7 {[%clk 0:03:53]} 30. Qxg6 {[%clk 0:05:36]} Rc6
{[%clk 0:03:44]} 31. Rae1 {[%clk 0:04:37]} Kf8 {[%clk 0:02:59]} 32. Rxf6
{[%clk 0:04:20]} gxf6 {[%clk 0:02:57]} 33. Qh6+ {[%clk 0:03:42]} Kg8
{[%clk 0:02:29]} 34. Qg6+ {[%clk 0:03:42]} Kf8 {[%clk 0:02:31]} 35. Qh6+
{[%clk 0:03:44]} Kg8 {[%clk 0:02:13]} 36. Qg6+ {[%clk 0:03:43]} 1/2-1/2

[Event "Rapide Nancy 2018"]
[Site "Nancy"]
[Date "2018.03.04"]
[Round "4.3"]
[White "KUNIN, Vitaly"]
[Black "BOK, Benjamin"]
[Result "1/2-1/2"]
[BlackElo "2619"]
[WhiteElo "2461"]
[LiveChessVersion "1.4.8"]

1. d4 {[%clk 0:15:03]} Nf6 {[%clk 0:15:05]} 2. c4 {[%clk 0:15:04]} e6
{[%clk 0:15:06]} 3. Nf3 {[%clk 0:15:02]} d5 {[%clk 0:15:08]} 4. Nc3
{[%clk 0:15:02]} c6 {[%clk 0:15:10]} 5. e3 {[%clk 0:15:03]} Nbd7 {[%clk 0:15:11]}
6. Qc2 {[%clk 0:15:04]} Bd6 {[%clk 0:15:12]} 7. b3 {[%clk 0:15:05]} O-O
{[%clk 0:15:12]} 8. Be2 {[%clk 0:15:06]} b6 {[%clk 0:15:13]} 9. Bb2
{[%clk 0:15:06]} Bb7 {[%clk 0:15:14]} 10. O-O {[%clk 0:15:07]} Qe7
{[%clk 0:15:14]} 11. Rad1 {[%clk 0:15:08]} Rad8 {[%clk 0:15:14]} 12. Rfe1
{[%clk 0:15:09]} Rfe8 {[%clk 0:15:15]} 13. Bf1 {[%clk 0:15:10]} e5
{[%clk 0:14:38]} 14. dxe5 {[%clk 0:12:27]} Nxe5 {[%clk 0:14:37]} 15. Nxe5
{[%clk 0:12:28]} Bxe5 {[%clk 0:13:32]} 16. h3 {[%clk 0:11:49]} dxc4
{[%clk 0:12:58]} 17. Bxc4 {[%clk 0:11:45]} b5 {[%clk 0:09:37]} 18. Be2
{[%clk 0:10:46]} a6 {[%clk 0:09:36]} 19. Bf3 {[%clk 0:10:09]} c5 {[%clk 0:09:37]}
20. Bxb7 {[%clk 0:10:08]} Qxb7 {[%clk 0:09:39]} 21. Rxd8 {[%clk 0:07:46]} Rxd8
{[%clk 0:09:41]} 22. Rd1 {[%clk 0:07:48]} Rd7 {[%clk 0:05:13]} 23. Rxd7
{[%clk 0:07:21]} Qxd7 {[%clk 0:05:15]} 24. Na4 {[%clk 0:07:13]} Bxb2
{[%clk 0:04:53]} 25. Nxb2 {[%clk 0:07:13]} Qd6 {[%clk 0:03:44]} 26. Nd3
{[%clk 0:05:31]} Nd7 {[%clk 0:03:40]} 27. Nf4 {[%clk 0:05:26]} g6
{[%clk 0:03:28]} 28. Qe4 {[%clk 0:05:08]} Kg7 {[%clk 0:02:56]} 29. g4
{[%clk 0:04:29]} Nf6 {[%clk 0:02:17]} 30. Qd3 {[%clk 0:02:44]} 1/2-1/2

[Event "Rapide Nancy 2018"]
[Site "Nancy"]
[Date "2018.03.04"]
[Round "4.4"]
[White "GUREVICH, Mikhail"]
[Black "KEKELIDZE, Mikheil"]
[Result "0-1"]
[BlackElo "2408"]
[WhiteElo "2594"]
[LiveChessVersion "1.4.8"]

1. c4 {[%clk 0:15:03]} g6 {[%clk 0:13:53]} 2. Nc3 {[%clk 0:15:03]} Bg7
{[%clk 0:13:55]} 3. g3 {[%clk 0:15:05]} c5 {[%clk 0:13:56]} 4. Bg2
{[%clk 0:15:06]} Nc6 {[%clk 0:13:58]} 5. Rb1 {[%clk 0:15:08]} d6 {[%clk 0:13:45]}
6. a3 {[%clk 0:15:09]} h5 {[%clk 0:11:54]} 7. Nf3 {[%clk 0:13:12]} Bf5
{[%clk 0:10:56]} 8. d3 {[%clk 0:13:06]} Qd7 {[%clk 0:10:57]} 9. h3
{[%clk 0:13:02]} Nd4 {[%clk 0:10:02]} 10. Ng1 {[%clk 0:11:53]} Rc8
{[%clk 0:09:41]} 11. e3 {[%clk 0:11:45]} Nc6 {[%clk 0:09:39]} 12. Nge2
{[%clk 0:11:46]} Qd8 {[%clk 0:07:13]} 13. b4 {[%clk 0:11:18]} b6 {[%clk 0:07:13]}
14. Nd5 {[%clk 0:09:52]} Nh6 {[%clk 0:06:23]} 15. e4 {[%clk 0:09:03]} Bd7
{[%clk 0:06:22]} 16. Bg5 {[%clk 0:09:00]} f6 {[%clk 0:06:03]} 17. Be3
{[%clk 0:09:00]} Nf7 {[%clk 0:06:00]} 18. Qd2 {[%clk 0:06:31]} e6
{[%clk 0:04:48]} 19. Ndc3 {[%clk 0:06:29]} f5 {[%clk 0:04:50]} 20. f4
{[%clk 0:05:53]} Nd4 {[%clk 0:04:00]} 21. bxc5 {[%clk 0:04:24]} dxc5
{[%clk 0:03:47]} 22. e5 {[%clk 0:03:55]} h4 {[%clk 0:03:06]} 23. g4
{[%clk 0:02:15]} fxg4 {[%clk 0:03:08]} 24. Bxd4 {[%clk 0:02:16]} cxd4
{[%clk 0:03:05]} 25. Nxd4 {[%clk 0:02:10]} Nxe5 {[%clk 0:02:38]} 26. fxe5
{[%clk 0:02:03]} Bxe5 {[%clk 0:02:39]} 27. Nde2 {[%clk 0:01:54]} O-O
{[%clk 0:02:14]} 28. Qh6 {[%clk 0:01:51]} Be8 {[%clk 0:02:04]} 29. Rd1
{[%clk 0:01:43]} Qe7 {[%clk 0:00:13]} 30. hxg4 {[%clk 0:01:22]} Qxa3
{[%clk 0:00:08]} 31. Ne4 {[%clk 0:01:07]} Qb4+ {[%clk 0:00:07]} 32. Qd2
{[%clk 0:01:08]} Qe7 33. g5 {[%clk 0:00:59]} Bc6 {[%clk 0:00:09]} 34. Rxh4
{[%clk 0:00:56]} Bxe4 {[%clk 0:00:08]} 35. Rxe4 {[%clk 0:00:50]} Qd6
{[%clk 0:00:08]} 36. Qe3 {[%clk 0:00:42]} Qb4+ {[%clk 0:00:10]} 37. Rd2
{[%clk 0:00:37]} Qb1+ {[%clk 0:00:12]} 38. Rd1 {[%clk 0:00:39]} Qb4+
{[%clk 0:00:14]} 39. Qd2 {[%clk 0:00:40]} Qd6 {[%clk 0:00:16]} 40. Rg4
{[%clk 0:00:32]} Rf5 {[%clk 0:00:10]} 41. d4 {[%clk 0:00:29]} Bg7
{[%clk 0:00:11]} 42. Be4 {[%clk 0:00:27]} Ra5 {[%clk 0:00:12]} 43. c5
{[%clk 0:00:21]} Qh2 {[%clk 0:00:08]} 44. Qf4 {[%clk 0:00:19]} Qxf4
{[%clk 0:00:05]} 45. Nxf4 {[%clk 0:00:20]} bxc5 {[%clk 0:00:06]} 46. Nxe6
{[%clk 0:00:20]} Re8 {[%clk 0:00:06]} 47. d5 {[%clk 0:00:20]} Ra4
{[%clk 0:00:07]} 48. Bf3 {[%clk 0:00:19]} c4 49. Ke2 {[%clk 0:00:17]} Ra2+
{[%clk 0:00:06]} 50. Rd2 {[%clk 0:00:19]} Rxd2+ {[%clk 0:00:07]} 51. Kxd2
{[%clk 0:00:21]} c3+ {[%clk 0:01:50]} 52. Kd3 {[%clk 0:00:22]} Bh8
{[%clk 0:01:52]} 53. Rc4 {[%clk 0:00:19]} Be5 {[%clk 0:01:30]} 54. Rc6
{[%clk 0:00:12]} Rb8 {[%clk 0:01:25]} 55. d6 0-1